000 01460nam a2200289Ia 4500
999 _c35836
_d35836
001 1727
003 GE_BSU
005 20240124100411.0
008 181216s2010||||ge |||||||||||||| ||geo||
020 _a9789941101786
040 _cGE_BSU
041 _ageo
080 _a336.22(075.8)+336.221(075.8) ყ–24
100 _aყამარაული, სულიკო
_9695
245 _aგადასახადები და დაბეგვრა :
_bსახელმძღვანელო /
_cსულიკო ყამარაული, მზია ჩოკოლაშვილი, ლევან ყამარაული; ავტ. ჯგ. ხელმძღვ. და რედ. სულიკო ყამარაული.
264 _aთბილისი :
_bმერიდიანი,
_c2010.
300 _a466 გვ. :
_bილ. ;
_c20 სმ.
500 _a ტერმინთა განმარტებები: გვ. 452-458.
504 _aბიბლიოგრ.: გვ. 459-462.
541 _h21 ლ.
653 _aგადასახადები
653 _a დაბეგვრა
700 _aჩოკოლაშვილი, მზია
_eავტორი
_921096
700 _aყამარაული, ლევან
_eავტორი
_921097
700 _aყამარაული, სულიკო
_eრედაქორი
_9695
942 _cBK
_2udc